Statistiken für Afrikanische Länder mit einem einzigen Hinweis

Klicken Sie hier um das Quiz zu spielen!

Allgemein

  • Dieses Quiz wurde 1,336 mal gespielt
  • Das Durchschnittsergebnis liegt bei 13 aus 20

Antwortstatistiken

Hinweis Antwort % Korrekt
Sie können hier das Kap der Guten Hoffnung findenSüdafrika
94%
Das größte Land in Afrika nach FlächeAlgerien
88%
Dieses Land beansprucht die WestsaharaMarokko
86%
Äthiopien wurde zu einem Binnenstaat, als dieses Land 1991 seine Unabhängigkeit erlangteEritrea
86%
Die Insel Sansibar ist Teil dieses LandesTansania
78%
Dieses Land besteht hauptsächlich aus zwei Inseln im Golf von GuineaSão Tomé und Príncipe
72%
Wo sich der Weiße und der Blaue Nil vereinigenSudan
71%
Die Filmindustrie dieses Landes ist als "Nollywood" bekanntNigeria
69%
Es wird von allen Seiten von einem anderem Land umschlossenLesotho
69%
Das bisher letzte Land, das unabhängig wurdeSüdsudan
67%
Früher als "Zaire" bekanntDemokratische Republik
Kongo
67%
Der einzige Ort, wo Lemuren in der Wildnis lebenMadagaskar
65%
Einst von Diktator Robert Mugabe geführtSimbabwe
54%
Timbuktu ist in diesem Land gelegenMali
53%
Es war einst das wichtigste portugiesische Territorium am Indischen OzeanMosambik
49%
Hat die höchste Geburtsrate auf der WeltNiger
46%
Ein Großteil der Kalahari-Wüste ist in diesem Land gelegenBotswana
44%
Das einzige spanischsprachige Land in AfrikaÄquatorial-Guinea
38%
Teilt seinen Namen mit einem flachen See, der einst der viertgrößte Afrikas warTschad
29%
Die Freiheitsstatue war ursprünglich diesem Land versprochenÄgypten
28%

Verteilung der Resultate

Perzentil nach korrekt beantworteten Fragen

Anzahl Personen mit jedem Resultat

Ihre Resultats-Entwicklung

Sie haben dieses Quiz noch nicht gespielt